Engineering Thermodynamics/ (Record no. 192155)

MARC details
000 -LEADER
fixed length control field 00570nam a22001817a 4500
005 - DATE AND TIME OF LATEST TRANSACTION
control field 20220912170230.0
010 ## - LCCN (DPL NO)
LC control number ENG-135032
020 ## - INTERNATIONAL STANDARD BOOK NUMBER
International Standard Book Number 9789352834051
Terms of availability 550.00
035 ## - SYSTEM CONTROL NUMBER
System control number EN-118564
037 ## - SOURCE OF ACQUISITION
Source of stock number/acquisition DBAD/PUB
082 ## - DEWEY DECIMAL CLASSIFICATION NUMBER
Classification number 621.4021
100 ## - MAIN ENTRY--PERSONAL NAME
Personal name Gupta, S.K.
245 ## - TITLE STATEMENT
Title Engineering Thermodynamics/
Statement of responsibility, etc by S.K. Gupta
260 ## - PUBLICATION, DISTRIBUTION, ETC. (IMPRINT)
Place of publication, distribution, etc New Delhi
Name of publisher, distributor, etc S Chand and Company Limited
Date of publication, distribution, etc 2019
270 ## - ADDRESS
Address 7361, Ram Nagar, Qutab Road
City New Delhi
Postal code 110055
Electronic mail address info@schandpublishing.com
300 ## - PHYSICAL DESCRIPTION
Extent xx, 1044p.
Other physical details Index
Dimensions 24cm(pbk)
942 ## - ADDED ENTRY ELEMENTS (KOHA)
Source of classification or shelving scheme Dewey Decimal Classification
Item type English Books
Classification part 621.4021
Call number suffix GUP
Holdings
Withdrawn status Lost status Not for loan Collection code Home library Current library Date acquired Source of acquisition Cost, normal purchase price Full call number Barcode Copy number Cost, replacement price Koha item type
      Non-fiction Shahdara Branch Shahdara Branch 12/09/2022 DBAD/PUB 550.00 621.4021 GUP EN-118564 1 550.00 English Books

© Delhi Public Library
Hit Counter
free hit counter